Impacto de la comunicación interna en el clima laboral del Instituto de Salud Pública

La presente investigación pretende conocer el diagnóstico actual de la comunicación interna y clima laboral en el Instituto de Salud Pública de Chile. El objetivo es analizar la relación entre ambas variables, específicamente para proponer mejoras en la forma de comunicar y lograr un mejor desempeño...

Descripción completa

Detalles Bibliográficos
Autor principal: Maldonado Ballesteros, Aurora
Otros Autores: Valeria Quilapán, Juan (profesor guía)
Formato: Tesis
Lenguaje:español
Publicado: Santiago, Chile : Universidad Academia de Humanismo Cristiano, 2018.
Materias:
Acceso en línea:Disponible en línea (PDF). Biblioteca Digital UAHC

MARC

LEADER 00000cmm a2200000 a 4500
001 045129
003 UAHC_CL
005 20230116132214.0
008 161229s2016 cl 000 spa
040 |a UAHC_CL  |c UAHC_CL  |d UAHC_CL 
100 |a Maldonado Ballesteros, Aurora  |9 1900 
245 1 0 |a Impacto de la comunicación interna en el clima laboral del Instituto de Salud Pública  |c Aurora Maldonado; profesor guía Juan Valeria. 
260 |b Universidad Academia de Humanismo Cristiano,  |c 2018.  |a Santiago, Chile : 
300 |a 51 páginas. 
500 |a Tesis para optar al grado de Magister en Gerencia Pública 
502 |a Tesis (Magister en Gerencia Pública)--Universidad Academia de Humanismo Cristiano, 2018. 
516 |a Tesis electrónica (PDF). Solicitar envío de documento a biblioteca@academia.cl. 
520 |a La presente investigación pretende conocer el diagnóstico actual de la comunicación interna y clima laboral en el Instituto de Salud Pública de Chile. El objetivo es analizar la relación entre ambas variables, específicamente para proponer mejoras en la forma de comunicar y lograr un mejor desempeño, agilizar los procesos, garantizando un buen ambiente laboral. El estudio es de tipo descriptivo cualitativo, fundamentado en una realidad laboral subjetiva, de alta particularidad, aplicando la teoría y un cuestionario, tratando de lograr el máximo conocimiento. Se empleó una encuesta online para la recolección de datos, tanto del aspecto comunicacional como de clima laboral. 
610 0 |9 2263  |a Instituto de Salud Pública (Chile) 
650 0 |a Ambiente de trabajo  |9 2264 
650 0 |9 1949  |a Clima organizacional 
650 0 |9 1696  |a Comunicación organizacional 
700 |a Valeria Quilapán, Juan  |e profesor guía  |9 1671 
856 |u http://bibliotecadigital.academia.cl/xmlui/handle/123456789/4407  |y Disponible en línea (PDF). Biblioteca Digital UAHC 
900 |a TMGPU 22 
942 |c TS  |2 ddc 
952 |0 0  |1 0  |2 ddc  |4 0  |6 TMGPU_22_000000000000000  |7 0  |8 COMP  |9 89369  |a BC  |b BC  |c Digital  |d 2018-01-29  |o TMGPU 22  |r 2019-01-02 00:00:00  |w 2018-01-29  |y TS  |z Documento en PDF  |B MGPUB 
999 |c 50266  |d 50266